000 00546nam a22001817a 4500
003 OSt
005 20251104091230.0
008 251104b |||||||| |||| 00| 0 eng d
020 _a0-07-282681-9.
040 _aDWCL-Main lib
_cOC
082 _25th ed.
_aGr. 904.5 Ab126n 2006
100 _aAbbott, Patrick
245 _aNatural disasters 5th ed.
_cAbbott, Patrick
260 _aN. Y. :
_bMcGraw-Hill Co.,
_cc2006.
300 _axvii, 496 pages :
_billustration ;
_c27 cm.
650 _21. Natural disasters.
942 _2ddc
_cGR
_e5th ed.
_kCirc.
_n0
999 _c5438
_d5438